| 000 | 00698pam a2200241 a 4500 | ||
|---|---|---|---|
| 008 | 100518s2007 enk j 000 1 eng d | ||
| 020 | _a9781906123031 | ||
| 040 |
_aEG-GiCUC _beng _cEG-GiCUC |
||
| 092 | 0 | 4 |
_a823.92 _bD571s _221 |
| 099 |
_a04 _a823.92 D571s |
||
| 100 | 1 |
_aDigby, Anne, _d1935- |
|
| 245 | 1 | 0 |
_aSecret letters at trebizon / _cBy Anne Digby. |
| 260 |
_aEdinburgh, Uk, _bFidra Books, _c2007. |
||
| 300 |
_a199 p.; _c21 cm. |
||
| 300 |
_aix, 128, xv p. ; _c20 cm. |
||
| 600 | 1 | 0 |
_aDigby, Anne, _d1935- |
| 651 | 1 |
_aEngland _xFiction. |
|
| 902 | _a1 | ||
| 905 |
_aEman _eRev. |
||
| 905 |
_aJamal _eCat. |
||
| 942 |
_2ddc _cBK |
||
| 999 |
_c119797 _d119797 |
||